Pôles verts de signalisation directionnelle française (niv. difficile) - Statistiques

Statistiques générales
  • Ce quiz a été pris 12 fois
  • Le résultat moyen est 197 sur 431
Statistiques - réponses
Nom du pôle (France métropolitaine) Classe Niveau % Correct
Annecy IV 4'
100%
Bordeaux V 5'
100%
Bourg-en-Bresse III 3
100%
Caen IV 4
100%
Clermont-Ferrand IV 4
100%
Colmar IV 4'
100%
Dijon IV 4
100%
Eu-Le Tréport III 3'
100%
Grenoble V 5'
100%
Lille V 5
100%
Lyon V 5
100%
Metz IV 4
100%
Mulhouse IV 4
100%
Nancy IV 4
100%
Nantes V 5'
100%
Nice V 5'
100%
Paris V 5
100%
Pau IV 4'
100%
Quimper III 3
100%
Rennes IV 4
100%
Saint-Denis III 3
100%
Saint-Étienne IV 4
100%
Strasbourg V 5'
100%
Toul III 3'
100%
Toulouse V 5'
100%
Aix-en-Provence IV 4'
89%
Alès III 3
89%
Amiens IV 4'
89%
Arras IV 4'
89%
Auxerre III 3
89%
Besançon IV 4'
89%
Bourges IV 4'
89%
Brest IV 4
89%
Châlons-en-Champagne III 3
89%
Chambéry IV 4'
89%
Châteauroux III 3
89%
Créteil III 3
89%
Gap III 3'
89%
Lahr III 3'
89%
La Rochelle IV 4'
89%
La Roche-sur-Yon III 3
89%
Laval III 3
89%
Le Havre IV 4
89%
Limoges IV 4'
89%
Lons-le-Saunier III 3'
89%
Lorient IV 4'
89%
Marseille V 5
89%
Mende III 3'
89%
Montélimar III 3
89%
Montpellier IV 4
89%
Nîmes IV 4'
89%
Niort III 3
89%
Privas III 3'
89%
Reims IV 4
89%
Roanne IV 4'
89%
Rouen V 5'
89%
Toulon V 5'
89%
Tours IV 4
89%
Troyes IV 4'
89%
Valence IV 4'
89%
Versailles IV 4'
89%
Vesoul III 3'
89%
Agen III 3
78%
Ajaccio III 3
78%
Albi III 3
78%
Alençon III 3
78%
Angers IV 4
78%
Auch III 3'
78%
Aurillac III 3
78%
Avignon IV 4'
78%
Bar-le-Duc III 3'
78%
Basse-Terre III 3'
78%
Bassin d'Arcachon III 3'
78%
Bastia III 3
78%
Bayonne IV 4'
78%
Beauvais III 3
78%
Belfort III 3
78%
Boulogne-sur-Mer IV 4'
78%
Brive-la-Gaillarde III 3
78%
Cahors III 3'
78%
Calais V 5'
78%
Carcassonne III 3
78%
Carpentras III 3
78%
Chartres III 3
78%
Chaumont III 3'
78%
Cherbourg-en-Cotentin IV 4'
78%
Dole III 3'
78%
Draguignan III 3'
78%
Dunkerque IV 4
78%
Épinal III 3
78%
Évreux III 3
78%
Évry-Courcouronnes IV 4'
78%
Foix III 3'
78%
Fréjus-Saint-Raphaël III 3
78%
Laon III 3
78%
Le Mans IV 4
78%
Le Puy-en-Velay III 3
78%
Mâcon III 3
78%
Melun III 3
78%
Montauban III 3
78%
Moulins III 3'
78%
Nevers III 3
78%
Orange III 3'
78%
Oyonnax III 3'
78%
Périgueux III 3
78%
Perpignan IV 4'
78%
Rodez III 3
78%
Saint-Malo III 3
78%
Saint-Quentin III 3
78%
Tarbes III 3
78%
Tulle III 3'
78%
Vannes III 3
78%
Vichy III 3
78%
Angoulême IV 4'
67%
Argenteuil III 3
67%
Arles III 3
67%
Beaune III 3'
67%
Bergerac III 3'
67%
Biarritz III 3'
67%
Blois III 3
67%
Briançon III 3'
67%
Bron III 3
67%
Cayenne III 3
67%
Cergy-Pontoise IV 4'
67%
Chamonix-Mont-Blanc III 3'
67%
Charleville-Mézières III 3
67%
Dax III 3'
67%
Digne-les-Bains III 3'
67%
Fort-de-France IV 4'
67%
Gand IV 4
67%
Guéret III 3'
67%
Libourne III 3'
67%
Montbéliard IV 4'
67%
Mont-de-Marsan III 3
67%
Montluçon III 3
67%
Nanterre III 3
67%
Narbonne III 3
67%
Orléans IV 4
67%
Poitiers IV 4'
67%
Saint-Benoît III 3'
67%
Saint-Denis-de-la-Réunion IV 4'
67%
Saint-Lô III 3'
67%
Saint-Nazaire IV 4'
67%
Vienne III 3
67%
Villefranche-sur-Saône III 3
67%
Villeurbanne IV 4'
67%
Aéroport Toulouse-Blagnac III 3'
56%
Aix-les-Bains III 3'
56%
Annemasse III 3
56%
Aubagne III 3'
56%
Aubenas III 3'
56%
Autun III 3'
56%
Bâle IV 4
56%
Barcelone V 5
56%
Béziers IV 4'
56%
Bobigny III 3
56%
Boulogne-Billancourt III 3
56%
Cannes IV 4'
56%
Castres III 3
56%
Dieppe III 3
56%
Douai IV 4'
56%
Dreux III 3
56%
Fontainebleau III 3
56%
Fougères III 3'
56%
Genève V 5'
56%
Grasse III 3
56%
Haguenau III 3'
56%
Hyères III 3'
56%
La Seyne-sur-Mer III 3'
56%
Les Sables-d'Olonne III 3
56%
Lourdes III 3'
56%
Martigues III 3
56%
Millau III 3'
56%
Pontarlier III 3'
56%
Roubaix IV 4'
56%
Saint-Brieuc IV 4'
56%
Saintes III 3'
56%
Saint-Pierre IV 4'
56%
Saumur III 3'
56%
Sète III 3
56%
Thionville IV 4'
56%
Thonon-Évian III 3
56%
Tourcoing IV 4'
56%
Valenciennes IV 4
56%
Vénissieux III 3
56%
Verdun III 3'
56%
Vierzon III 3
56%
Abbeville III 3'
44%
Aéroport Bordeaux-Mérignac III 3'
44%
Aéroport d'Orly III 3
44%
Albertville III 3'
44%
Annonay III 3'
44%
Antony III 3'
44%
Bruxelles V 5
44%
Cavaillon III 3'
44%
Château-Thierry III 3'
44%
Châtellerault III 3
44%
Cholet III 3
44%
Cognac III 3'
44%
Compiègne III 3
44%
Dinan III 3'
44%
Échirolles III 3'
44%
Figeac III 3'
44%
Forbach III 3'
44%
Issy-les-Moulineaux III 3'
44%
Kourou III 3'
44%
Lannion III 3'
44%
Lausanne IV 4'
44%
Le Creusot III 3'
44%
Lens IV 4'
44%
Le Port III 3'
44%
Luxembourg IV 4
44%
Menton III 3
44%
Mérignac III 3'
44%
Milan V 5
44%
Monaco III 3
44%
Montargis III 3
44%
Montreuil III 3
44%
Pessac III 3'
44%
Pointe-à-Pitre III 3'
44%
Pontoise III 3'
44%
Porto-Vecchio III 3'
44%
Rochefort III 3
44%
Romans-sur-Isère III 3
44%
Royan III 3
44%
Saint-Dié-des-Vosges III 3'
44%
Saint-Dizier III 3
44%
Saint-Paul III 3
44%
Saint-Priest III 3
44%
Saint-Sébastien IV 4
44%
Saint-Tropez III 3'
44%
Sarlat-la-Canéda III 3'
44%
Sens III 3'
44%
Soissons III 3
44%
Thiers III 3'
44%
Turin V 5
44%
Aéroport Charles de Gaulle IV 4'
33%
Antibes III 3
33%
Aubervilliers III 3'
33%
Bondy III 3'
33%
Bourgoin-Jallieu III 3'
33%
Caluire-et-Cuire III 3
33%
Dinard III 3'
33%
Drancy III 3'
33%
Épernay III 3
33%
Fos-sur-Mer III 3
33%
Fribourg IV 4'
33%
Istres III 3'
33%
Ivry-sur-Seine III 3'
33%
Karlsruhe IV 4
33%
Le Mont-Saint-Michel III 3'
33%
Le Raincy III 3'
33%
Les Abymes III 3
33%
Le Tampon III 3'
33%
l'Haÿ-les-Roses III 3'
33%
Lunéville III 3'
33%
Mantes-la-Jolie III 3
33%
Marché de Rungis III 3'
33%
Marne-la-Vallée IV 4'
33%
Maubeuge IV 4'
33%
Meaux III 3
33%
Montrouge III 3'
33%
Morlaix III 3'
33%
Neufchâteau III 3'
33%
Neuilly-sur-Seine III 3'
33%
Palaiseau III 3'
33%
Poissy III 3
33%
Rambouillet III 3'
33%
Riom III 3'
33%
Saint-Chamond III 3
33%
Saint-Laurent-du-Maroni III 3'
33%
Saint-Louis III 3'
33%
Sarcelles III 3
33%
Sarreguemines III 3'
33%
Sedan III 3'
33%
Sélestat III 3'
33%
Sisteron III 3'
33%
Trouville-Deauville III 3'
33%
Villeneuve-d'Ascq III 3'
33%
Aéroport Lyon-Saint Exupéry III 3'
22%
Aéroport Marseille-Provence III 3'
22%
Andorre-la-Vieille III 3
22%
Béthune III 3
22%
Bilbao V 5'
22%
Bonifacio III 3'
22%
Bruges IV 4'
22%
Calvi III 3'
22%
Cambrai III 3
22%
Chantilly III 3'
22%
Clichy III 3'
22%
Colombes III 3'
22%
Corte III 3'
22%
Courtrai III 3
22%
Creil III 3
22%
Étampes III 3'
22%
Fécamp III 3'
22%
Fontenay-sous-Bois III 3'
22%
Gênes V 5
22%
Givors III 3
22%
Hénin-Beaumont III 3'
22%
Île d'Oléron III 3'
22%
La Baule III 3'
22%
La Ciotat III 3
22%
La Courneuve III 3'
22%
Le Blanc-Mesnil III 3'
22%
Le Touquet-Paris-Plage III 3'
22%
Liège V 5'
22%
L'Île-Rousse III 3'
22%
Lisieux III 3'
22%
L'Isle-d'Abeau III 3
22%
Mazamet III 3'
22%
Montreux III 3'
22%
Neuchâtel III 3'
22%
Pantin III 3'
22%
Propriano III 3'
22%
Saint-Amand-les-Eaux III 3'
22%
Saint-Germain-en-Laye III 3
22%
Saint-Jean-de-Luz III 3'
22%
Saint-Martin-d'Hères III 3'
22%
Saint-Omer III 3
22%
Salon-de-Provence III 3
22%
Sarrebruck IV 4
22%
Sartène III 3'
22%
Senlis III 3'
22%
Vernon III 3'
22%
Vincennes III 3'
22%
Vitry-le-François III 3'
22%
Voiron III 3'
22%
Aéroport Bâle-Mulhouse III 3'
11%
Aéroport Nice-Côte d'Azur III 3'
11%
Aoste III 3'
11%
Arlon III 3'
11%
Armentières III 3'
11%
Asnières-sur-Seine III 3'
11%
Aulnay-sous-Bois III 3'
11%
Baden-Baden III 3
11%
Beaucaire-Tarascon III 3'
11%
Berck III 3'
11%
Bienne IV 4'
11%
Bruay-la-Buissière III 3'
11%
Carmaux III 3'
11%
Champigny-sur-Marne III 3'
11%
Charleroi IV 4
11%
Chauny-Tergnier III 3'
11%
Chelles III 3'
11%
Clamart III 3'
11%
Conflans-Sainte-Honorine III 3'
11%
Courbevoie III 3'
11%
Decazeville III 3'
11%
Delémont III 3'
11%
Denain III 3'
11%
Deux-Ponts III 3'
11%
Dinant III 3'
11%
Elbeuf III 3
11%
Épinay-sur-Seine III 3'
11%
Esch-sur-Alzette III 3'
11%
Firminy III 3'
11%
Flers III 3'
11%
Gennevilliers III 3'
11%
Gérone IV 4'
11%
Guebwiller III 3'
11%
Hazebrouck III 3'
11%
Huesca III 3
11%
Lagny-sur-Marne III 3'
11%
Lérida IV 4'
11%
Levallois-Perret III 3'
11%
Longwy III 3
11%
Meulan-Les Mureaux III 3'
11%
Mons IV 4'
11%
Montmorency III 3'
11%
Nogent-sur-Marne III 3'
11%
Noirmoutier III 3'
11%
Ostende IV 4'
11%
Pampelune IV 4
11%
Pont-à-Mousson III 3'
11%
Provins III 3'
11%
Rastatt III 3'
11%
Rueil-Malmaison III 3'
11%
Saint-Joseph III 3'
11%
Saint-Maur-des-Fossés III 3'
11%
Saint-Ouen-sur-Seine III 3'
11%
Saint-Quentin-en-Yvelines III 3
11%
San Remo III 3
11%
Saragosse V 5'
11%
Sénart III 3
11%
Suresnes III 3'
11%
Tournai III 3
11%
Trèves IV 4'
11%
Tunnel sous la Manche IV 4
11%
Vaulx-en-Velin III 3
11%
Villeneuve-sur-Lot III 3'
11%
Vitry-sur-Seine III 3'
11%
Volklingen III 3'
11%
Wattrelos III 3'
11%
Ypres III 3'
11%
Anse-Bertrand III 3'
0%
Binche III 3'
0%
Cité Descartes III 3'
0%
Coni III 3'
0%
Corbeil-Essonnes III 3
0%
Deshaies III 3'
0%
Mannheim IV 4
0%
Fos-Martigues IV 4'
0%
Landau III 3'
0%
Le Gosier III 3'
0%
Le Lamentin III 3'
0%
Le Moule III 3'
0%
Lorrach III 3'
0%
Ludwigshafen IV 4'
0%
Maisons-Alfort III 3'
0%
Menin III 3'
0%
Metz-Nancy V 5'
0%
Montceau-les-Mines III 3
0%
Montereau-Fault-Yonne III 3'
0%
Mouscron III 3
0%
Namur IV 4'
0%
Neustadt III 3
0%
Offenburg III 3
0%
Pirmasens III 3
0%
Porte de Paris III 3'
0%
Saint-André III 3'
0%
Saint-Avold III 3'
0%
Saint-François III 3'
0%
Saint-Leu III 3'
0%
Sarrelouis III 3'
0%
Spire III 3
0%
Val de Bussy III 3'
0%
Val de Lagny III 3'
0%
Val d'Europe III 3'
0%
Val Maubuée III 3'
0%
Villejuif III 3'
0%
Aucun quiz correspondant
Distribution des résultats
% des personnes avec chaque résultat
Percentile par nombre de réponses
Votre historique - résultats
Vous n’avez pas pris ce quiz